[Event "Pardubice op rapid 28th"]
[Site "Pardubice"]
[Date "2017.07.19"]
[Round "2"]
[White "Babicka, Michal"]
[Black "Freisler, Pavel"]
[Result "1-0"]
[WhiteElo "2005"]
[BlackElo "2259"]
[PlyCount "71"]
[EventDate "2017.07.19"]
[EventType "swiss (rapid)"]
[EventRounds "9"]
[EventCountry "CZE"]
[SourceTitle "CBM 179 Extra"]
[Source "ChessBase"]
[SourceDate "2017.08.23"]
[SourceVersion "1"]
[SourceVersionDate "2017.08.23"]
[SourceQuality "1"]

1. e4 Nf6 2. e5 Nd5 3. d4 d6 4. c4 Nb6 5. exd6 exd6 6. Nc3 Be7 7. Nf3 0-0 8. Be2 Bf6 9. Be3 Nc6 10. 0-0 Bg4 11. b3 d5 12. h3 Bxf3 13. Bxf3 dxc4 14. Ne4 Bxd4 15. Bxd4 Qxd4 16. Ng5 Qxd1 17. Rfxd1 Rad8 18. Bxc6 bxc6 19. bxc4 h6 20. Nf3 Nxc4 21. Rac1 Rxd1+ 22. Rxd1 Rb8 23. Rc1 Na5 24. Nd4 Rb6 25. Rc5 Ra6 26. Kh2 Kf8 27. Kg3 Ke8 28. Re5+ Kd7 29. Nf5 Nc4 30. Re7+ Kc8 31. Rxf7 Rxa2 32. Nxg7 a5 33. Ne6 Re2 34. Rxc7+ Kb8 35. Rxc6 Kb7 36. Nd8+ 1-0

[Event "Pardubice op rapid 28th"]
[Site "Pardubice"]
[Date "2017.07.19"]
[Round "3"]
[White "Granovskiy, Alexandr"]
[Black "Babicka, Michal"]
[Result "1-0"]
[WhiteElo "2282"]
[BlackElo "2005"]
[PlyCount "75"]
[EventDate "2017.07.19"]
[EventType "swiss (rapid)"]
[EventRounds "9"]
[EventCountry "CZE"]
[SourceTitle "CBM 179 Extra"]
[Source "ChessBase"]
[SourceDate "2017.08.23"]
[SourceVersion "1"]
[SourceVersionDate "2017.08.23"]
[SourceQuality "1"]

1. d4 Nf6 2. Bg5 Ne4 3. h4 d5 4. Nd2 Nd6 5. e3 h6 6. Bf4 Bf5 7. g4 Bh7 8. Bg2 e6 9. h5 Be7 10. Ne2 Nd7 11. Rc1 Nf6 12. Ng3 c6 13. a3 0-0 14. f3 Nd7 15. e4 Nb6 16. Bxd6 Qxd6 17. e5 Qc7 18. 0-0 f6 19. f4 fxe5 20. dxe5 Nd7 21. Qe2 Rf7 22. Rce1 Bh4 23. Kh2 Raf8 24. Kh3 Bxg3 25. Kxg3 Bxc2 26. Nc4 Bh7 27. Nd6 Re7 28. Kh2 Nb6 29. g5 Bf5 30. Nxf5 Rxf5 31. Bh3 Rff7 32. gxh6 gxh6 33. Rg1+ Kf8 34. Rg6 Rxf4 35. Bxe6 Rh7 36. Rf1 Nc4 37. Rxf4+ Ke7 38. Bg8 1-0

[Event "Pardubice op rapid 28th"]
[Site "Pardubice"]
[Date "2017.07.19"]
[Round "1"]
[White "Vavra, Pavel"]
[Black "Babicka, Michal"]
[Result "1-0"]
[WhiteElo "2360"]
[BlackElo "2005"]
[PlyCount "79"]
[EventDate "2017.07.19"]
[EventType "swiss (rapid)"]
[EventRounds "9"]
[EventCountry "CZE"]
[SourceTitle "CBM 179 Extra"]
[Source "ChessBase"]
[SourceDate "2017.08.23"]
[SourceVersion "1"]
[SourceVersionDate "2017.08.23"]
[SourceQuality "1"]

1. e4 c5 2. Nf3 d6 3. d4 cxd4 4. Nxd4 Nf6 5. Nc3 a6 6. Bc4 e6 7. Bb3 b5 8. 0-0 Be7 9. Qf3 Qc7 10. Qg3 Bd7 11. Qxg7 Rg8 12. Qh6 Nc6 13. Nxc6 Bxc6 14. f3 0-0-0 15. Ne2 d5 16. exd5 Rg6 17. Qf4 Bd6 18. Qh4 Nxd5 19. c4 Rdg8 20. g3 Ne7 21. Bc2 f5 22. Be3 h5 23. Rac1 b4 24. Nf4 Bxf4 25. Bxf4 e5 26. Be3 R6g7 27. Qxh5 f4 28. Bf2 fxg3 29. Bxg3 Ng6 30. Be4 Nf4 31. Qf5+ Kb8 32. Bxc6 Rxg3+ 33. Kh1 Rg2 34. Bd5 Rh8 35. h3 Qh7 36. Qxe5+ Ka7 37. Qd4+ Kb8 38. Qxf4+ Ka7 39. Kxg2 Qxh3+ 40. Kf2 1-0